000 00440nam a2200121Ia 4500
008 171212s9999 xx 000 0 und d
020 _a9781442637498
245 _ceditor Kellow, Geoffrey;Leddy, Neven
_aOn Civic Republicanism
_bAncient Lessons for Global Politics
260 _bUniversity of Toronto Press
_c2016
650 _aPolitical Science
650 _aRepublicanism -- History
856 _uhttp://jstor.org/stable/10.3138/j.ctt1kk65xt
999 _c353020
_d353020